000 00522nam a2200193Ia 4500
001 42891
008 140425s9999 xx 000 0 und d
020 _aNA
040 _cPK-LaUMT
082 _aRHC 891.4394
_bAZI-K
100 _aAziz Ahmad
245 _aKulliyyaat-e-mataa Aziz (Urdu)
_bgum gashta mataa Aziz
_cAziz Ahmad<>Siddiq Javaid
260 _aLahore,Pakistan:
_bUrdu Academy Pakistan,
_c2008
300 _a752 p.
546 _aUR
650 _aPakistani essays-Urdu
700 _aSiddiq Javaid
942 _cBK
999 _c40903
_d40903